Development of Mechanical Engineering as a Tool for Enterprise Logistics Progress : Science Report Project CII-PL-0033-01-0506
Salvato in:
| Natura: | Libro |
|---|---|
| Pubblicazione: |
Poznaň :
University of Technology,
2006
|
| Tags: |
Nessun Tag, puoi essere il primo ad aggiungerne!!
|
MARC
| LEADER | 00000nam a22000003a 4500 | ||
|---|---|---|---|
| 001 | stu137143 | ||
| 005 | 20150408182343.2 | ||
| 008 | 070118s2006----pl----------------------d | ||
| 020 | |a 83-89873-28-1 | ||
| 040 | |a STU |b slo | ||
| 041 | 0 | ||
| 044 | |a pl | ||
| 245 | |a Development of Mechanical Engineering as a Tool for Enterprise Logistics Progress : |b Science Report Project CII-PL-0033-01-0506 | ||
| 260 | |a Poznaň : |b University of Technology, |c 2006 | ||
| 996 | |b 284M075696 |c M*Z-2983 |l MMKN |s A |a 24 |w stu137143_0001 | ||